Norma Chilena Oficial NCh 2592. Of03
Bewaard in:
| Coauteurs: | , |
|---|---|
| Formaat: | Boek |
| Taal: | Spaans |
| Gepubliceerd in: |
Santiago
Instituto Nacional de Normalización
2001
|
| Editie: | 1a. ed |
| Onderwerpen: | |
| Tags: |
Voeg label toe
Geen labels, Wees de eerste die dit record labelt!
|
MARC
| LEADER | 00000nam a2200000 a 4500 | ||
|---|---|---|---|
| 001 | UCK5896 | ||
| 003 | CL-VaPUC | ||
| 008 | 050826e20010000CL |||||||||||||||||spa|d | ||
| 082 | 0 | 4 | |a 696.1 |b INS |2 21 |
| 110 | 2 | |a Instituto Nacional de Normalización |e author |9 494938 | |
| 710 | 2 | |a INN |e author |9 494939 | |
| 245 | 1 | 0 | |a Norma Chilena Oficial NCh 2592. Of03 |
| 246 | 1 | 0 | |a Uniones domiciliarias de alcantarillado en tuberías de policloruro de vinilo -PVC- rígido - requisitos |
| 250 | |a 1a. ed | ||
| 300 | |a 19 p | ||
| 942 | |c BK | ||
| 945 | |d 20050826 00:00:00 |a jcarroza | ||
| 260 | |a Santiago |b Instituto Nacional de Normalización |c 2001 | ||
| 650 | 0 | |a Tuberías |9 259420 | |
| 650 | 7 | |a TUBOS PLASTICOS |2 CL-VaPUC |9 494940 | |
| 650 | 0 | |a Instalaciones sanitarias |9 258060 | |
| 650 | 0 | |a Alcantarillado |9 260369 | |
| 650 | 7 | |a NORMAS |2 CL-VaPUC |9 259606 | |
| 583 | |a last modification |c 20050826 00:00:00 |k Rodrigo Vera | ||
| 999 | |c 314348 |d 314346 | ||